Emissions télé anciennes - Statistiques

Statistiques générales
  • Ce quiz a été pris 28 fois
  • Le résultat moyen est 10 sur 16
Statistiques - réponses
Par images Réponse % Correct
Des chiffres et des lettres
92%
Frou-frou
88%
La chance aux chansons
88%
Le petit rapporteur
84%
La dernière séance
76%
Apostrophes
72%
L'academie des 9
72%
Le bebete show
64%
Midi première
64%
Au theatre ce soir
60%
Coucou,c'est nous
60%
HIP HOP
60%
Thalassa
60%
Les dossiers de l'ecran
40%
Sacha Show
24%
Cinq colonnes à la une
8%
Aucun quiz correspondant
Distribution des résultats
% des personnes avec chaque résultat
Percentile par nombre de réponses
Votre historique - résultats
Vous n’avez pas pris ce quiz